Medagliere Olimpiadi invernali Torino 2006 - Statistics

Statistiche generali
  • Questo quiz è stato fatto 19 volte
  • Il punteggio medio è 9 su 11
Statistiche sulle risposte
Medaglie d'Oro Medaglie d'Argento Medaglie di Bronzo Medaglie complessive Rappresentativa olimpica % Corretto
5 0 6 11 Italia
100%
9 9 7 25 Stati Uniti
100%
11 12 6 29 Germania
93%
2 8 9 19 Norvegia
93%
8 6 8 22 Russia
93%
7 2 5 14 Svezia
93%
2 4 5 11 Cina
87%
9 7 7 23 Austria
80%
7 10 7 24 Canada
80%
5 4 5 14 Svizzera
80%
6 3 2 11 Corea del Sud
20%
Nessun quiz corrispondente trovato
Distribuzione punteggi
Percentuale di utenti per punteggio
Percentile per numero di risposta
I tuoi punteggi nel tempo
Non hai fatto questo quiz